| 000 | 01484nam a2200301 i 4500 | ||
|---|---|---|---|
| 003 | DO-SdBNP | ||
| 005 | 20250916104404.0 | ||
| 007 | ta | ||
| 008 | 240415b2015 dr ac||| |||| 00| 0 spa d | ||
| 020 | _a9789945589122 | ||
| 040 |
_aDO-SdBNP _bspa _cBNPHU _erda |
||
| 041 | _aspa | ||
| 082 | 4 |
_axxx _bxxx _222 |
|
| 100 | 1 |
_aPeguero, Valentina, _eautor _4aut. _945358 |
|
| 245 | 1 | 0 |
_a Mujeres pioneras dominicanas : _bdatos biográficos y bibliográficos / _cValentina Peguero ; corrección, José Chez Checo |
| 264 | 4 |
_aSanto Domingo : _bEditora Búho, _c©2015. |
|
| 300 |
_a866 páginas : _bilustraciones, retratos ; _c23 cm. |
||
| 336 |
_atexto _btxt _2rdacontent |
||
| 337 |
_asin mediación _bn _2rdamedia |
||
| 338 |
_avolumen _bnc _2rdacarrier |
||
| 500 | _aIncluye datos biográficos del autor en las solapas | ||
| 505 |
_aPatriotas la independencia -
_tPatriotas anexión y restauración -- _tEducadoras -- _t Escritoras ensayistas y poetisas-- _tFilántropas, religiosas y feministas -- _t Artistas visuales y artistas de espectáculos -- _t Comunicadoras prensa, radio y televisión -- _tProfesionales académicas y no académicas -- _t Atletas e inmigrantes -- _tActivistas socioculturales y políticas: Siglo XX -- _tHistorias que contar arquetipos de otras pioneras. |
||
| 590 | _aInventariado, 2024 /LP | ||
| 651 | 4 |
_aRepública Dominicana _xBiografías _91325 |
|
| 700 |
_aChez Checo, José, _ecorrector _4corr. _980381 |
||
| 910 | _aLP | ||
| 942 |
_2ddc _cLBS1 |
||
| 999 |
_c56393 _d56393 |
||